[Event "Bunratty Masters 2009"]
[Site "Bunratty IRL"]
[Date "2009.02.22"]
[Round "5"]
[White "Hunt, Adam"]
[Black "Heidenfeld, Mark"]
[Result "1/2-1/2"]
[WhiteTitle "IM"]
[BlackTitle "IM"]
[WhiteElo "2431"]
[BlackElo "2367"]
[BlackICU "2391"]
[WhiteNationality "ENG"]
[BlackNationality "IRL"]
[WhiteFideId "403970"]
[BlackFideId "2500990"]
[PlyCount "52"]
[EventDate "2009.02.20"]
[Source "TWIC 746"]

{ Event information: <a
href="http://www.irlchess.com/bunratty2009_allfiles/pairings_bunratty2009.html">Tournament
report</a>. }

1. e4 e6 2. d4 d5 3. Nc3 Nf6 4. Bg5 Be7 5. e5 Ne4 6. Bxe7 Nxc3 7. bxc3 Qxe7
8. f4 Qa3 9. Ne2 b6 10. Qb1 Nc6 11. Qb3 Qa5 12. Rd1 Ba6 13. Nc1 Bxf1 14.
Rxf1 Ne7 15. Kf2 h5 16. Kg1 Qa6 17. Nd3 Nf5 18. Nb4 Qb5 19. a4 Qc4 20. Rfe1
Qxb3 21. cxb3 c5 22. Nc2 Ke7 23. Ne3 Nxe3 24. Rxe3 cxd4 25. Rxd4 g6 26. c4
dxc4 1/2-1/2

[Event "Bunratty Masters 2009"]
[Site "Bunratty IRL"]
[Date "2009.02.22"]
[Round "5"]
[White "Kilpatrick, Callum"]
[Black "Lopez, Alex"]
[Result "0-1"]
[BlackTitle "FM"]
[WhiteElo "2211"]
[BlackElo "2367"]
[BlackICU "2377"]
[WhiteNationality "ENG"]
[BlackNationality "IRL"]
[WhiteFideId "414425"]
[BlackFideId "2501430"]
[PlyCount "96"]
[EventDate "2009.02.20"]
[Source "TWIC 746"]

{ Event information: <a
href="http://www.irlchess.com/bunratty2009_allfiles/pairings_bunratty2009.html">Tournament
report</a>. }

1. e4 c5 2. Nf3 e6 3. d4 cxd4 4. Nxd4 a6 5. Bd3 Nc6 6. Nxc6 bxc6 7. O-O Qc7
8. Qe2 d5 9. c4 d4 10. e5 c5 11. Nd2 Ne7 12. f4 Nf5 13. Ne4 h5 14. Rf3 Be7
15. Rh3 g6 16. g4 Ng7 17. Nf6+ Kd8 18. Be4 Rb8 19. Bd2 Bxf6 20. exf6 Ne8
21. Qe1 Qd6 22. g5 Rxb2 23. Rb3 Rxb3 24. axb3 Nc7 25. Ra5 e5 26. Qg3 h4 27.
fxe5 hxg3 28. exd6 gxh2+ 29. Kh1 Ne6 30. b4 Rh5 31. bxc5 Nxg5 32. Bxg5 Rxg5
33. Kxh2 Be6 34. Bd3 Rh5+ 35. Kg2 Kd7 36. Kf2 Re5 37. Bc2 Bxc4 38. Ba4+ Kd8
39. Bc6 Bb5 40. Bxb5 Rxc5 41. Rxa6 Rxb5 42. Ra8+ Kd7 43. Ra7+ Ke6 44. d7
Rd5 45. Ra6+ Kxd7 46. Ke2 Rd6 47. Ra7+ Ke6 48. Kd3 Kxf6 0-1

[Event "Bunratty Masters 2009"]
[Site "Bunratty IRL"]
[Date "2009.02.22"]
[Round "5"]
[White "Lalic, Bogdan"]
[Black "Svidler, Peter"]
[Result "1/2-1/2"]
[WhiteTitle "GM"]
[BlackTitle "GM"]
[WhiteElo "2537"]
[BlackElo "2723"]
[WhiteNationality "CRO"]
[BlackNationality "RUS"]
[WhiteFideId "409081"]
[BlackFideId "4102142"]
[PlyCount "24"]
[EventDate "2009.02.20"]
[Source "TWIC 746"]
[WhiteFullName "Lali&#263;, Bogdan"]

{ Event information: <a
href="http://www.irlchess.com/bunratty2009_allfiles/pairings_bunratty2009.html">Tournament
report</a>. }

1. Nf3 Nf6 2. c4 g6 3. Nc3 d5 4. cxd5 Nxd5 5. Qa4+ Bd7 6. Qh4 Nxc3 7. dxc3
Nc6 8. e4 e5 9. Bg5 Be7 10. Bc4 h5 11. Bxe7 Qxe7 12. O-O-O Qxh4 1/2-1/2

[Event "Bunratty Masters 2009"]
[Site "Bunratty IRL"]
[Date "2009.02.22"]
[Round "5"]
[White "McGowan, Daniel"]
[Black "Mendelson, Andrew"]
[Result "1-0"]
[WhiteElo "2098"]
[BlackElo "2114"]
[BlackClub "Dublin"]
[WhiteNationality "SCO"]
[BlackNationality "RSA"]
[WhiteFideId "2401479"]
[BlackFideId "14300109"]
[PlyCount "77"]
[EventDate "2009.02.20"]
[Source "TWIC 746"]

{ Event information: <a
href="http://www.irlchess.com/bunratty2009_allfiles/pairings_bunratty2009.html">Tournament
report</a>. }

1. e4 c6 2. d4 d5 3. exd5 cxd5 4. Bd3 Nc6 5. c3 Qc7 6. Nf3 Nf6 7. h3 e6 8.
O-O Bd6 9. Re1 Bd7 10. Nbd2 O-O-O 11. a3 e5 12. dxe5 Nxe5 13. Nxe5 Bxe5 14.
Nf3 Rhe8 15. Bg5 Bf4 16. Rxe8 Rxe8 17. Bxf6 gxf6 18. Bxh7 Rh8 19. Qd3 Kb8
20. Re1 Be6 21. Nd4 Be5 22. Bf5 Qd7 23. Bxe6 fxe6 24. Qg6 Bxd4 25. cxd4 Qe7
26. f4 a6 27. Kh1 Rf8 28. Qg4 Re8 29. Qh5 Ka7 30. f5 e5 31. dxe5 fxe5 32.
f6 Qf8 33. Rxe5 Rc8 34. Qg5 d4 35. Re7 d3 36. Rd7 Re8 37. Rxd3 Re1+ 38. Kh2
Qb8+ 39. Qg3 1-0

[Event "Bunratty Masters 2009"]
[Site "Bunratty IRL"]
[Date "2009.02.22"]
[Round "5"]
[White "McPhillips, Karl"]
[Black "Jones, Gawain"]
[Result "0-1"]
[BlackTitle "GM"]
[WhiteElo "2220"]
[BlackElo "2540"]
[WhiteICU "2297"]
[WhiteClub "T.C.D."]
[WhiteNationality "IRL"]
[BlackNationality "ENG"]
[WhiteFideId "2501503"]
[BlackFideId "409561"]
[PlyCount "50"]
[EventDate "2009.02.20"]
[Source "TWIC 746"]

{ Event information: <a
href="http://www.irlchess.com/bunratty2009_allfiles/pairings_bunratty2009.html">Tournament
report</a>. }

1. d4 Nf6 2. c4 g6 3. Nc3 Bg7 4. e4 d6 5. Bd3 O-O 6. Nge2 Nc6 7. O-O Nd7 8.
Be3 e5 9. d5 Nd4 10. Bc2 Nxc2 11. Qxc2 f5 12. exf5 gxf5 13. f3 Nf6 14. c5
Qe8 15. Qb3 f4 16. Bf2 e4 17. Bd4 exf3 18. gxf3 Ng4 19. Kh1 Bxd4 20. Nxd4
Ne3 21. Rg1+ Kh8 22. Ne4 Qe5 23. Nb5 Bf5 24. Rg5 Rg8 25. Rag1 Bxe4 0-1

[Event "Bunratty Masters 2009"]
[Site "Bunratty IRL"]
[Date "2009.02.22"]
[Round "5"]
[White "Oswald, David"]
[Black "Keogh, Eamon"]
[Result "1-0"]
[BlackTitle "NM"]
[WhiteElo "1998"]
[BlackElo "2092"]
[BlackICU "2025"]
[BlackClub "Kilkenny"]
[WhiteNationality "SCO"]
[BlackNationality "IRL"]
[WhiteFideId "2461285"]
[BlackFideId "2500264"]
[PlyCount "83"]
[EventDate "2009.02.20"]
[Source "TWIC 746"]

{ Event information: <a
href="http://www.irlchess.com/bunratty2009_allfiles/pairings_bunratty2009.html">Tournament
report</a>. }

1. e4 c5 2. Nf3 Nc6 3. d4 cxd4 4. Nxd4 e5 5. Nb5 d6 6. N5c3 f5 7. exf5 Bxf5
8. Bd3 Bxd3 9. Qxd3 Nf6 10. Bg5 Be7 11. Bxf6 Bxf6 12. Nd5 O-O 13. O-O Kh8
14. c3 Ne7 15. Nd2 Nxd5 16. Qxd5 Qc7 17. Ne4 Be7 18. Rad1 Rad8 19. Rd2 Qc6
20. Rfd1 Qb6 21. Qe6 Rf4 22. Ng3 Bf8 23. Nf5 Qc5 24. Ne3 Rf6 25. Qb3 b6 26.
Rd5 Qc7 27. Nc4 Rc8 28. Ne3 Qf7 29. R5d2 Qxb3 30. axb3 Kg8 31. Nc4 Rc6 32.
Ra1 Rf7 33. Rad1 Rf6 34. Ra1 a5 35. Rd5 Kf7 36. Rb5 Ke6 37. Rxb6 Rxb6 38.
Nxb6 d5 39. Rxa5 d4 40. Nc4 d3 41. Rxe5+ Kf7 42. Kf1 1-0

[Event "Bunratty Masters 2009"]
[Site "Bunratty IRL"]
[Date "2009.02.22"]
[Round "5"]
[White "Williams, Simon"]
[Black "Wall, Gavin"]
[Result "0-1"]
[WhiteTitle "GM"]
[BlackTitle "IM"]
[WhiteElo "2507"]
[BlackElo "2302"]
[BlackICU "2280"]
[WhiteNationality "ENG"]
[BlackNationality "IRL"]
[WhiteFideId "404454"]
[BlackFideId "2501244"]
[PlyCount "76"]
[EventDate "2009.02.20"]
[Source "TWIC 746"]

{ Event information: <a
href="http://www.irlchess.com/bunratty2009_allfiles/pairings_bunratty2009.html">Tournament
report</a>. }

1. e4 e5 2. f4 Nc6 3. Nc3 exf4 4. Nf3 Nf6 5. Bc4 Na5 6. Qe2 Nxc4 7. Qxc4 c6
8. e5 Nh5 9. Qe2 g6 10. Ne4 d5 11. exd6 Be6 12. g4 fxg3 13. d3 Bxd6 14. Bg5
Be7 15. hxg3 Bxg5 16. Nfxg5 Qa5+ 17. b4 Qxb4+ 18. c3 Qe7 19. Qf2 f5 20. Qd4
O-O 21. Qd6 Rae8 22. g4 fxe4 23. Qxe7 Rxe7 24. gxh5 exd3 25. Kd2 Bc4 26.
Rh2 Re2+ 27. Rxe2 dxe2 28. hxg6 hxg6 29. a3 Kg7 30. Ne4 Rf4 31. Nd6 Ba6 32.
Rb1 Rf1 33. Re1 Kf6 34. Ne4+ Ke5 35. Nc5 Rxe1 36. Kxe1 g5 37. Nb3 g4 38.
Kf2 g3+ 0-1

[Event "Bunratty Masters 2009"]
[Site "Bunratty IRL"]
[Date "2009.02.22"]
[Round "6"]
[White "Daly, Justin"]
[Black "Delaney, Rory"]
[Result "1/2-1/2"]
[WhiteElo "2003"]
[BlackElo "1921"]
[WhiteICU "1895"]
[BlackICU "1827"]
[WhiteClub "Kilkenny"]
[BlackClub "T.C.D."]
[WhiteNationality "IRL"]
[BlackNationality "IRL"]
[WhiteFideId "2500841"]
[BlackFideId "2502208"]
[PlyCount "33"]
[EventDate "2009.02.20"]
[Source "TWIC 746"]

{ Event information: <a
href="http://www.irlchess.com/bunratty2009_allfiles/pairings_bunratty2009.html">Tournament
report</a>. }

1. e4 Nf6 2. e5 Nd5 3. d4 d6 4. c4 Nb6 5. exd6 exd6 6. Nf3 Bg4 7. Be2 Be7
8. b3 O-O 9. O-O Bf6 10. h3 Bh5 11. Bb2 Nc6 12. Nbd2 Bg6 13. a3 a5 14. Re1
Re8 15. Nf1 Qd7 16. Ne3 a4 17. b4 1/2-1/2

[Event "Bunratty Masters 2009"]
[Site "Bunratty IRL"]
[Date "2009.02.22"]
[Round "6"]
[White "Heidenfeld, Mark"]
[Black "Short, Philip"]
[Result "1/2-1/2"]
[WhiteTitle "IM"]
[BlackTitle "FM"]
[WhiteElo "2367"]
[BlackElo "2309"]
[WhiteICU "2391"]
[WhiteNationality "IRL"]
[BlackNationality "IRL"]
[WhiteFideId "2500990"]
[BlackFideId "2500086"]
[PlyCount "69"]
[EventDate "2009.02.20"]
[Source "TWIC 746"]

{ Event information: <a
href="http://www.irlchess.com/bunratty2009_allfiles/pairings_bunratty2009.html">Tournament
report</a>. }

1. e4 e6 2. d4 d5 3. Nc3 Bb4 4. Ne2 Ne7 5. a3 Ba5 6. Bg5 f6 7. Be3 c6 8. g3
e5 9. b4 Bb6 10. Bg2 dxe4 11. Bxe4 Nf5 12. Bxf5 Bxf5 13. dxe5 fxe5 14. Bxb6
axb6 15. Qxd8+ Kxd8 16. O-O-O+ Kc7 17. Kb2 b5 18. g4 Bg6 19. f4 Nd7 20. f5
Bf7 21. Ne4 Nb6 22. Nd2 e4 23. Nc3 e3 24. Ndb1 Nc4+ 25. Kc1 Rhe8 26. Rd3
Re7 27. Re1 h5 28. h3 hxg4 29. hxg4 g6 30. Nd1 gxf5 31. gxf5 Re5 32. Nb2
Rae8 33. Nc3 Rxf5 34. Nxc4 Bxc4 35. Rdxe3 1/2-1/2

[Event "Bunratty Masters 2009"]
[Site "Bunratty IRL"]
[Date "2009.02.22"]
[Round "6"]
[White "Keogh, Eamon"]
[Black "McCabe, Darren"]
[Result "1-0"]
[WhiteTitle "NM"]
[WhiteElo "2092"]
[BlackElo "2009"]
[WhiteICU "2025"]
[BlackICU "1897"]
[WhiteClub "Kilkenny"]
[BlackClub "Rathmines"]
[WhiteNationality "IRL"]
[BlackNationality "IRL"]
[WhiteFideId "2500264"]
[BlackFideId "2500760"]
[PlyCount "43"]
[EventDate "2009.02.20"]
[Source "TWIC 746"]

{ Event information: <a
href="http://www.irlchess.com/bunratty2009_allfiles/pairings_bunratty2009.html">Tournament
report</a>. }

1. f4 d5 2. Nf3 Bg4 3. Ne5 Bf5 4. b3 Nd7 5. Bb2 Ngf6 6. e3 Nxe5 7. fxe5 Nd7
8. Be2 e6 9. O-O Be7 10. c4 c6 11. d4 O-O 12. Nc3 f6 13. cxd5 cxd5 14. Nxd5
fxe5 15. Nxe7+ Qxe7 16. dxe5 Rad8 17. Qd6 Qg5 18. Bc4 Qxe3+ 19. Kh1 Qh6 20.
Rxf5 Rxf5 21. Bxe6+ Rf7 22. Rf1 1-0

[Event "Bunratty Masters 2009"]
[Site "Bunratty IRL"]
[Date "2009.02.22"]
[Round "6"]
[White "Lopez, Alex"]
[Black "Hunt, Adam"]
[Result "1-0"]
[WhiteTitle "FM"]
[BlackTitle "IM"]
[WhiteElo "2367"]
[BlackElo "2431"]
[WhiteICU "2377"]
[WhiteNationality "IRL"]
[BlackNationality "ENG"]
[WhiteFideId "2501430"]
[BlackFideId "403970"]
[PlyCount "95"]
[EventDate "2009.02.20"]
[Source "TWIC 746"]

{ Event information: <a
href="http://www.irlchess.com/bunratty2009_allfiles/pairings_bunratty2009.html">Tournament
report</a>. }

1. Nf3 Nf6 2. c4 g6 3. Nc3 d5 4. cxd5 Nxd5 5. d4 Bg7 6. e4 Nxc3 7. bxc3 c5
8. Be3 Qa5 9. Qd2 O-O 10. Rb1 b6 11. Bc4 cxd4 12. cxd4 Qxd2+ 13. Nxd2 Bb7
14. f3 Nc6 15. d5 Ne5 16. Be2 f5 17. a4 fxe4 18. fxe4 Bc8 19. Nf3 Bd7 20.
a5 bxa5 21. O-O a4 22. Bc5 Rac8 23. Bxe7 Rfe8 24. Nxe5 Bxe5 25. d6 a3 26.
Bd1 Rb8 27. Bb3+ Kh8 28. Bd5 Bd4+ 29. Kh1 Rec8 30. Rbd1 Be5 31. h3 Rc2 32.
Ra1 Rbb2 33. Bf6+ Bxf6 34. Rxf6 Rxg2 35. e5 Rh2+ 36. Kg1 Rhd2 37. e6 Rxd5
38. Rf8+ Kg7 39. exd7 Rxd6 40. d8=Q Rxd8 41. Rxd8 a2 42. Rf1 a5 43. Rd5 a4
44. Rd4 a3 45. Rd3 a1=Q 46. Rxa1 a2 47. Rf1 Kh6 48. Ra3 1-0

[Event "Bunratty Masters 2009"]
[Site "Bunratty IRL"]
[Date "2009.02.22"]
[Round "6"]
[White "McGowan, Daniel"]
[Black "Baker, Chris W."]
[Result "1/2-1/2"]
[BlackTitle "IM"]
[WhiteElo "2098"]
[BlackElo "2351"]
[WhiteNationality "SCO"]
[BlackNationality "ENG"]
[WhiteFideId "2401479"]
[BlackFideId "401676"]
[PlyCount "97"]
[EventDate "2009.02.20"]
[Source "TWIC 746"]

{ Event information: <a
href="http://www.irlchess.com/bunratty2009_allfiles/pairings_bunratty2009.html">Tournament
report</a>. }

1. e4 c5 2. c3 d6 3. Nf3 Nf6 4. Bd3 g5 5. h3 Nc6 6. Bc2 g4 7. hxg4 Bxg4 8.
d3 Qc7 9. Bf4 h5 10. Nbd2 O-O-O 11. Qe2 Ne5 12. O-O-O Kb8 13. Kb1 Rc8 14.
Rc1 Ng6 15. Bh2 Bh6 16. d4 e5 17. dxe5 dxe5 18. Rcd1 c4 19. Nf1 Qc5 20. Ne3
Bxe3 21. Qxe3 Qxe3 22. fxe3 Rhe8 23. Rd6 Rc6 24. Rxc6 bxc6 25. Rf1 Bxf3 26.
Rxf3 Ng4 27. Bg3 f6 28. Be1 Kc7 29. Bd1 Kb6 30. Rg3 Rh8 31. Kc2 Nf8 32.
Bxg4 hxg4 33. Rxg4 Nd7 34. Bh4 Rh6 35. g3 Nc5 36. b3 Nd3 37. bxc4 Nf2 38.
Rg7 Nxe4 39. Rf7 Rh5 40. Kd3 f5 41. Bd8+ Ka6 42. Bh4 Nc5+ 43. Kc2 e4 44.
Rf6 Kb6 45. Rf7 Nd3 46. Kb3 Nc5+ 47. Kc2 Nd3 48. Kb3 Nc5+ 49. Kc2 1/2-1/2

[Event "Bunratty Masters 2009"]
[Site "Bunratty IRL"]
[Date "2009.02.22"]
[Round "6"]
[White "Mendelson, Andrew"]
[Black "Kilpatrick, Callum"]
[Result "0-1"]
[WhiteElo "2114"]
[BlackElo "2211"]
[WhiteClub "Dublin"]
[WhiteNationality "RSA"]
[BlackNationality "ENG"]
[WhiteFideId "14300109"]
[BlackFideId "414425"]
[PlyCount "77"]
[EventDate "2009.02.20"]
[Source "TWIC 746"]

{ Event information: <a
href="http://www.irlchess.com/bunratty2009_allfiles/pairings_bunratty2009.html">Tournament
report</a>. }

1. d4 Nf6 2. c4 g6 3. Nc3 d5 4. Bg5 Ne4 5. Bf4 Nxc3 6. bxc3 Bg7 7. e3 O-O
8. Nf3 c5 9. Bd3 Bg4 10. O-O dxc4 11. Bxc4 Nd7 12. Rb1 Nb6 13. Qe2 Bxf3 14.
gxf3 Rc8 15. Bb3 e5 16. dxe5 Qe7 17. c4 Bxe5 18. Bxe5 Qxe5 19. Rfd1 Rfd8
20. a4 Qg5+ 21. Kh1 Qe7 22. Bc2 f5 23. a5 Na8 24. Rd5 b6 25. Bxf5 Rxd5 26.
Bxc8 Rd8 27. Bh3 Rd6 28. Rg1 bxa5 29. f4 Nb6 30. Rg5 Qe4+ 31. Bg2 Qb1+ 32.
Bf1 Rd1 33. Kg2 a4 34. Rxc5 a3 35. Ra5 a2 36. Qxa2 Qe4+ 37. f3 Qxe3 38. c5+
Nd5 39. Qxd5+ 0-1

[Event "Bunratty Masters 2009"]
[Site "Bunratty IRL"]
[Date "2009.02.22"]
[Round "6"]
[White "Osborne, Sam"]
[Black "Benson, Oisin P."]
[Result "1-0"]
[WhiteElo "2020"]
[BlackElo "1957"]
[WhiteICU "2055"]
[BlackICU "1951"]
[BlackClub "St. Benildus"]
[WhiteNationality "IRL"]
[BlackNationality "IRL"]
[WhiteFideId "2501791"]
[BlackFideId "2501821"]
[PlyCount "57"]
[EventDate "2009.02.20"]
[Source "TWIC 746"]
[BlackFullName "Benson, Ois&iacute;n P."]

{ Event information: <a
href="http://www.irlchess.com/bunratty2009_allfiles/pairings_bunratty2009.html">Tournament
report</a>. }

1. e4 c5 2. Nf3 d6 3. d4 cxd4 4. Nxd4 Nf6 5. Nc3 a6 6. Bg5 e6 7. f4 Be7 8.
Qf3 Nbd7 9. O-O-O Qc7 10. g4 b5 11. Bxf6 Nxf6 12. a3 O-O 13. f5 e5 14. Nde2
d5 15. exd5 b4 16. axb4 Bb7 17. g5 e4 18. Qh3 Nd7 19. Nxe4 Bxb4 20. Rg1
Rac8 21. N2c3 Bxc3 22. Nxc3 Nc5 23. Rg4 Qa5 24. Bc4 Na4 25. Ne4 Rxc4 26.
Nf6+ gxf6 27. gxf6+ Kh8 28. Rxc4 Nxb2 29. Qxh7+ 1-0

[Event "Bunratty Masters 2009"]
[Site "Bunratty IRL"]
[Date "2009.02.22"]
[Round "6"]
[White "Sreeves, Clement"]
[Black "Fox, Anthony"]
[Result "1-0"]
[WhiteElo "1982"]
[BlackElo "2085"]
[BlackICU "2091"]
[BlackClub "Dun Laoghaire"]
[WhiteNationality "SCO"]
[BlackNationality "IRL"]
[WhiteFideId "2402564"]
[BlackFideId "2500736"]
[PlyCount "69"]
[EventDate "2009.02.20"]
[Source "TWIC 746"]

{ Event information: <a
href="http://www.irlchess.com/bunratty2009_allfiles/pairings_bunratty2009.html">Tournament
report</a>. }

1. e4 e5 2. f4 exf4 3. Bc4 Nf6 4. Nc3 c6 5. d4 d5 6. exd5 cxd5 7. Bb3 Be6
8. Bxf4 Bd6 9. Nge2 Nc6 10. O-O Bxf4 11. Nxf4 O-O 12. Qd3 a6 13. Rae1 Qd6
14. Nce2 Na5 15. Ng3 Rae8 16. Re5 Nxb3 17. axb3 Ng4 18. Re2 Bd7 19. Rxe8
Rxe8 20. Qf3 Nf6 21. Nfh5 Re7 22. Nxf6+ gxf6 23. Qxf6 Qxf6 24. Rxf6 Re1+
25. Rf1 Re8 26. Kf2 Bb5 27. Re1 Rc8 28. c3 Rc6 29. Re5 Rf6+ 30. Rf5 Rxf5+
31. Nxf5 Kf8 32. Ke3 Bf1 33. g3 b6 34. Kf4 f6 35. Ne3 1-0

[Event "Bunratty Masters 2009"]
[Site "Bunratty IRL"]
[Date "2009.02.22"]
[Round "6"]
[White "Tsaboshvili, Lasha"]
[Black "Williams, Simon"]
[Result "0-1"]
[BlackTitle "GM"]
[WhiteElo "2014"]
[BlackElo "2507"]
[WhiteNationality "GEO"]
[BlackNationality "ENG"]
[WhiteFideId "13603345"]
[BlackFideId "404454"]
[PlyCount "54"]
[EventDate "2009.02.20"]
[Source "TWIC 746"]

{ Event information: <a
href="http://www.irlchess.com/bunratty2009_allfiles/pairings_bunratty2009.html">Tournament
report</a>. }

1. d4 h6 2. Nf3 g5 3. e4 a6 4. h4 g4 5. Ne5 h5 6. Bc4 e6 7. Nc3 b5 8. Bb3
d6 9. Nd3 c5 10. dxc5 dxc5 11. a4 c4 12. axb5 cxb3 13. cxb3 Nd7 14. g3 Nc5
15. Nxc5 Qxd1+ 16. Kxd1 Bxc5 17. Ke2 Bb7 18. Rd1 Nf6 19. Ra4 axb5 20. Nxb5
O-O 21. Be3 Nxe4 22. Rxe4 Bxe4 23. Bxc5 Bf3+ 24. Ke1 Rfc8 25. Rc1 Ra5 26.
b4 Rxb5 27. Kd2 Ra8 0-1

[Event "Bunratty Masters 2009"]
[Site "Bunratty IRL"]
[Date "2009.02.22"]
[Round "6"]
[White "Wall, Gavin"]
[Black "Lalic, Bogdan"]
[Result "0-1"]
[WhiteTitle "IM"]
[BlackTitle "GM"]
[WhiteElo "2302"]
[BlackElo "2537"]
[WhiteICU "2280"]
[WhiteNationality "IRL"]
[BlackNationality "CRO"]
[WhiteFideId "2501244"]
[BlackFideId "409081"]
[PlyCount "74"]
[EventDate "2009.02.20"]
[Source "TWIC 746"]
[BlackFullName "Lali&#263;, Bogdan"]

{ Event information: <a
href="http://www.irlchess.com/bunratty2009_allfiles/pairings_bunratty2009.html">Tournament
report</a>. }

1. e4 c5 2. Nf3 e6 3. c3 Nf6 4. d3 Nc6 5. g3 d5 6. Nbd2 Be7 7. Bg2 O-O 8.
O-O b5 9. Re1 a5 10. exd5 exd5 11. Nf1 b4 12. Bf4 Bd6 13. Ne5 Nxe5 14. Bxe5
Bxe5 15. Rxe5 Be6 16. f4 Rb8 17. Qe2 bxc3 18. bxc3 Qd6 19. Re1 Nd7 20. Rh5
g6 21. Rh4 Rfe8 22. f5 Bxf5 23. Qxe8+ Rxe8 24. Rxe8+ Kg7 25. Ne3 Be6 26.
Rf4 Nf6 27. Ra8 Qe5 28. Nd1 Qe2 29. Nf2 Qxa2 30. Ra7 g5 31. Rf3 Qa1+ 32.
Bf1 Qxc3 33. Re3 Bf5 34. Ree7 Bg6 35. Rec7 d4 36. Ra6 Nd5 37. Rca7 Ne3 0-1

[Event "Bunratty Masters 2009"]
[Site "Bunratty IRL"]
[Date "2009.02.22"]
[Round "6"]
[White "Wolferink, Frans"]
[Black "Galligan, Brian"]
[Result "1-0"]
[WhiteElo "2130"]
[BlackElo "2041"]
[BlackICU "1998"]
[WhiteNationality "NED"]
[BlackNationality "IRL"]
[WhiteFideId "1003917"]
[BlackFideId "2501619"]
[PlyCount "89"]
[EventDate "2009.02.20"]
[Source "TWIC 746"]

{ Event information: <a
href="http://www.irlchess.com/bunratty2009_allfiles/pairings_bunratty2009.html">Tournament
report</a>. }

1. e4 c5 2. Nf3 d6 3. d4 cxd4 4. Nxd4 Nf6 5. Nc3 a6 6. Bg5 e6 7. Qf3 Be7 8.
O-O-O Qc7 9. Rg1 Nbd7 10. g4 Ne5 11. Qh3 b5 12. f4 Ng6 13. Bg2 Rb8 14. f5
Ne5 15. Bf3 b4 16. Nce2 Nxf3 17. Qxf3 e5 18. Bxf6 Bxf6 19. g5 Bd8 20. Nb3
Bb7 21. g6 f6 22. Qd3 h6 23. Qxd6 Qxd6 24. Rxd6 Bxe4 25. Ng3 Bb7 26. Nc5
Be7 27. Nxb7 Rxb7 28. Rxa6 O-O 29. Rd1 Bc5 30. Rd5 Be3+ 31. Kd1 Bd4 32. b3
Rc8 33. Rc6 Ra8 34. Ne4 Kf8 35. Nd6 Rd7 36. Rb5 Rad8 37. Ne4 Bg1+ 38. Ke2
Rd5 39. Kf3 Bxh2 40. Rc7 R5d7 41. Rxd7 Rxd7 42. Rxb4 Ke7 43. Rb8 Rd8 44.
Rxd8 Kxd8 45. Nxf6 1-0

[Event "Bunratty Masters 2009"]
[Site "Bunratty IRL"]
[Date "2009.02.22"]
[Round "6"]
[White "Yurenok, Maria"]
[Black "Oswald, David"]
[Result "1/2-1/2"]
[WhiteTitle "WFM"]
[WhiteElo "2035"]
[BlackElo "1998"]
[WhiteNationality "ENG"]
[BlackNationality "SCO"]
[WhiteFideId "409359"]
[BlackFideId "2461285"]
[PlyCount "32"]
[EventDate "2009.02.20"]
[Source "TWIC 746"]

{ Event information: <a
href="http://www.irlchess.com/bunratty2009_allfiles/pairings_bunratty2009.html">Tournament
report</a>. }

1. d4 Nf6 2. Nf3 g6 3. Bg5 Bg7 4. Nbd2 d6 5. e4 O-O 6. Be2 Nbd7 7. h3 c5 8.
c3 cxd4 9. cxd4 a6 10. O-O b5 11. Re1 Nb6 12. Bf1 Be6 13. d5 Bd7 14. Be3
Rc8 15. Rc1 e6 16. dxe6 Bxe6 1/2-1/2